000 00644nam a2200229Ia 4500
003 OSt
005 20220928145610.0
006 a|||||r|||| 00| 0
007 ta
008 220927b |||||||| |||| 00| 0 eng d
024 _a81437
037 _cTextual
040 _aSDCL
_cSDCL
_beng
041 _2eng
_aeng
082 _aS8:773g, M7 RR
100 _aBerger Cherles R Ed.
_9513645
245 0 _aHandbook of communication science.
260 _c1987
700 _a Chaffe Steven H Ed.
_9513646
942 _hS8:773g, M7 RR
_cTEXL
_2CC
999 _c834293
_d834293